Loading...
Primer of social statistics /
| Main Author: | |
|---|---|
| Other Authors: | |
| Language: | Undetermined |
| Published: |
1955.
|
| Series: | McGraw-Hill series in sociology and anthropology^Richard T Lapiers
|
| Subjects: |
| LEADER | 00565nam a2200169Ia 4500 | ||
|---|---|---|---|
| 001 | 14115 | ||
| 008 | 170722s9999 xx 000 0 und d | ||
| 100 | |a Dornbusch, Sanford M. | ||
| 245 | |a Primer of social statistics / | ||
| 260 | |c 1955. | ||
| 490 | |a McGraw-Hill series in sociology and anthropology^Richard T Lapiers | ||
| 653 | |a Mathematics | ||
| 653 | |a Sociology Biasing Statistics | ||
| 700 | |a Schmid, Calvin F. | ||
| 942 | |c GEN | ||
| 999 | |c 53848 |d 53848 | ||
| 952 | |0 0 |1 0 |4 0 |6 B_28OBY_J8 |7 0 |8 CR |9 76586 |a LIB |b LIB |d 2013-03-25 |h CR |o B28obY J8 |p 73604 |r 2017-08-12 |w 2017-08-12 |y GEN | ||